Marketing
Salvato in:
| Autore principale: | |
|---|---|
| Ente Autore: | |
| Altri autori: | , , , , , , , , |
| Natura: | Libro |
| Lingua: | slovacco |
| Pubblicazione: |
Bratislava
Wolters Kluwer
2017
|
| Edizione: | 1. vyd. |
| Serie: | Ekonómia
|
| Soggetti: | |
| Tags: |
Nessun Tag, puoi essere il primo ad aggiungerne!!
|
MARC
| LEADER | 00000nam a2200000 4500 | ||
|---|---|---|---|
| 001 | 0227096 | ||
| 005 | 20240502073737.3 | ||
| 020 | |a 978-80-8168-550-7 | ||
| 041 | 0 | |a slo | |
| 044 | |a SK | ||
| 245 | 1 | 0 | |a Marketing |c Jaroslav Kita a kolektív ; recenzovali: Ferdinand Daňo, Róbert Štefko |
| 250 | |a 1. vyd. | ||
| 264 | 1 | |a Bratislava |b Wolters Kluwer |c 2017 | |
| 300 | |a 424 s. [28 AH] | ||
| 490 | 1 | |a Ekonómia | |
| 830 | 0 | |a Ekonómia | |
| 610 | 2 | 0 | |a marketing |
| 610 | 2 | 0 | |a správanie spotrebiteľa |
| 610 | 2 | 0 | |a systémy informačné |
| 610 | 2 | 0 | |a výskum marketingový |
| 610 | 2 | 0 | |a plánovanie strategické |
| 610 | 2 | 0 | |a plán marketingový |
| 610 | 2 | 0 | |a segmentácia trhu |
| 610 | 2 | 0 | |a nástroje marketingové |
| 610 | 2 | 0 | |a produkty |
| 610 | 2 | 0 | |a ceny |
| 610 | 2 | 0 | |a distribúcia |
| 610 | 2 | 0 | |a logistika distribučná |
| 610 | 2 | 0 | |a maloobchod |
| 610 | 2 | 0 | |a veľkoobchod |
| 610 | 2 | 0 | |a komunikácia marketingová |
| 610 | 2 | 0 | |a reklama |
| 610 | 2 | 0 | |a podpora predaja |
| 610 | 2 | 0 | |a vzťahy s verejnosťou |
| 610 | 2 | 0 | |a predaj |
| 610 | 2 | 0 | |a marketing priamy |
| 610 | 2 | 0 | |a komunikácia elektronická |
| 610 | 2 | 0 | |a marketing medzinárodný |
| 610 | 2 | 0 | |a euromarketing |
| 610 | 2 | 0 | |a etika podnikateľská |
| 100 | 1 | |a Kita, Jaroslav | |
| 700 | 1 | |a Čihovská, Viera | |
| 700 | 1 | |a Lipianska, Júlia | |
| 700 | 1 | |a Dzurová, Mária | |
| 700 | 1 | |a Kita, Pavol | |
| 700 | 1 | |a Loydlová, Miroslava | |
| 700 | 1 | |a Francová, Zuzana, 1971- | |
| 700 | 1 | |a Hasprová, Mária, 1970- | |
| 700 | 1 | |a Daňo, Ferdinand, 1959- | |
| 700 | 1 | |a Štefko, Róbert | |
| 710 | 2 | |a Ekonomická univerzita v Bratislave | |